TV Theme Song by One Word Quiz Stats

 Plays Quiz Updated Jun 10, 2016

Score 0/20 Timer 06:00
13 Plays Today
% Correct
The Big Bang Theory
85.4%
SpongeBob SquarePants
84.2%
The Fresh Prince of Bel-Air
82.8%
The Addams Family
72.4%
The Twilight Zone
69.5%
Gilligan's Island
62.1%
Happy Days
61.5%
The Brady Bunch
57.7%
Pokémon
54.3%
The Flintstones
50.6%
% Correct
Golden Girls
46.9%
Cheers
46.4%
The Jeffersons
46.3%
Frasier
43.3%
Family Guy
40.2%
Friends
39.4%
The Muppet Show
37.8%
Sesame Street
31.8%
The Facts of Life
29.2%
All in the Family
27.9%

You're not logged in!

Compare scores with friends on all Sporcle quizzes.
OR
Log In

Show Comments

Extras

Top Quizzes Today


Score Distribution

Your Account Isn't Verified!

In order to create a playlist on Sporcle, you need to verify the email address you used during registration. Go to your Sporcle Settings to finish the process.

Report this User

Report this user for behavior that violates our Community Guidelines.

Details: